|
|
|
|
| LEADER |
00877nam a22002777a 4500 |
| 001 |
30024 |
| 003 |
BD-DhAAL |
| 005 |
20151007154842.0 |
| 008 |
150826s1999 bg a|||| |||| 00| 0 eng d |
| 040 |
|
|
|a BD-DhAAL
|c BD-DhAAL
|
| 082 |
|
|
|2 22
|a 307.1412095492
|
| 999 |
|
|
|c 35717
|d 35717
|
| 999 |
|
|
|c 35710
|
| 999 |
|
|
|c 35710
|
| 999 |
|
|
|c 35710
|
| 999 |
|
|
|c 35355
|
| 245 |
|
|
|a BRAC urban pathagar at Azampur, Uttara :
|b an evaluation, July 1999
|
| 260 |
|
|
|a Dhaka :
|b BRAC,
|c 1999
|
| 300 |
|
|
|a 20 p. :
|b ill. ;
|c 29 cm.
|
| 541 |
|
|
|e 30024
|
| 610 |
|
|
|a BRAC
|9 14169
|
| 650 |
|
|
|a Rural Development
|z Bangladesh
|9 14182
|
| 710 |
|
|
|a BRAC
|9 15209
|
| 852 |
|
|
|a Ayesha Abed Library
|c BRAC Resource Section
|
| 942 |
|
|
|2 ddc
|c BK
|
| 952 |
|
|
|0 0
|1 0
|2 ddc
|4 0
|6 307_141209549200000_BRA
|7 0
|9 56171
|a BRACUL
|b BRACUL
|c BRS
|d 2015-10-07
|e BRAC
|l 0
|o 307.1412095492 BRA
|p 3010030024
|r 2015-10-07
|t 1
|w 2015-10-07
|y BK
|